Charles de Gaulle Airport Destinations (Paris, France) - Map - Statistics

General Stats
  • This quiz has been taken 94 times
  • The average score is 203 of 296
Answers on the Map
Answers color-coded by a green-red scale on the quiz's map according to % correct below.
 
Answer Stats
Destination % Correct
Milan (Linate)
94%
Milan (Malpensa)
94%
Athens
92%
Rome (Fiumicino)
92%
Dublin
91%
Geneva
91%
Madrid
91%
Mexico City
91%
Amsterdam
89%
Barcelona
89%
Cairo
89%
Cape Town
89%
Istanbul
89%
Istanbul (Sabiha Gökçen)
89%
Johannesburg (O.R. Tambo)
89%
London (Gatwick)
89%
London (Heathrow)
89%
London (Luton)
89%
London (Southend)
89%
Marseille
89%
Oslo
89%
Porto
89%
Rio de Janeiro (Galeão)
89%
San Francisco
89%
São Paulo (Guarulhos)
89%
Tokyo (Haneda)
89%
Washington (Dulles)
89%
Ankara
88%
Berlin
88%
Brussels
88%
Chicago (O'Hare)
88%
Copenhagen
88%
Lisbon
88%
Los Angeles
88%
Mumbai (Shivaji)
88%
Munich
88%
New York (JFK)
88%
Nice
88%
Osaka (Kansai)
88%
Zürich
88%
Atlanta
86%
Delhi
86%
Lyon
86%
Montréal (Trudeau)
86%
Naples
86%
Santiago de Chile
86%
Santiago de Compostela
86%
Stockholm (Arlanda)
86%
Sydney
86%
Vancouver
86%
Beijing (Capital)
85%
Bogotá
85%
Boston
85%
Buenos Aires (Ezeiza)
85%
Las Vegas
85%
Manchester
85%
Miami
85%
Perth
85%
Prague
85%
Reykjavik
85%
Seattle/Tacoma
85%
Seoul (Incheon)
85%
Tel Aviv
85%
Toronto (Pearson)
85%
Turin
85%
Venice
85%
Vienna
85%
Bangkok (Suvarnabhumi)
83%
Dallas/Fort Worth
83%
Doha
83%
Glasgow
83%
Havana
83%
Houston (Intercontinental)
83%
Lima
83%
Nairobi (Jomo Kenyatta)
83%
Ottawa
83%
Sofia
83%
Tunis
83%
Warsaw (Chopin)
83%
Addis Ababa
82%
Budapest
82%
Denver
82%
Dubai (International)
82%
Florence
82%
Frankfurt
82%
Hanoi
82%
Helsinki
82%
Orlando
82%
Philadelphia
82%
Riga
82%
Seville
82%
Shanghai (Pudong)
82%
Zagreb
82%
Algiers
80%
Calgary
80%
Cancún
80%
Casablanca
80%
Charlotte
80%
Detroit
80%
Edinburgh
80%
Hong Kong
80%
Lagos
80%
Liverpool
80%
Manila
80%
Palermo
80%
Phoenix (Sky Harbor)
80%
Québec City
80%
Rabat
80%
Singapore
80%
Toulouse
80%
Baku
79%
Bordeaux
79%
Bucharest (Otopeni)
79%
Hamburg
79%
Malé
79%
Riyadh
79%
Sal
79%
Abu Dhabi
77%
Bilbao
77%
Cork
77%
Islamabad
77%
Luxembourg
77%
Málaga
77%
Marrakesh
77%
Minneapolis/St. Paul
77%
Newark
77%
Stuttgart
77%
Beirut
76%
Belfast (International)
76%
Belgrade
76%
Birmingham
76%
Bristol
76%
Jeddah
76%
Kraków
76%
Kuala Lumpur (International)
76%
Taipei (Taoyuan)
76%
Tenerife (South)
76%
Tirana
76%
Antalya
74%
Colombo (Bandaranaike)
74%
Ho Chi Minh City
74%
İzmir
74%
Kuwait City
74%
Newcastle upon Tyne
74%
Palma de Mallorca
74%
Salt Lake City
74%
Tallinn
74%
Vilnius
74%
Basel/Mulhouse
73%
Bologna
73%
Dakar (Diass)
73%
Düsseldorf
73%
Luanda
73%
Nantes
73%
Valencia
73%
Abuja
71%
Amman (Queen Alia)
71%
Dubrovnik
71%
Leeds/Bradford
71%
Panama City (Tocumen)
71%
Shenzhen
71%
Alicante
70%
Bari
70%
Bengaluru
70%
Chengdu (Tianfu)
70%
Chișinău
70%
Gothenburg
70%
Guangzhou
70%
Kinshasa (N'djili)
70%
Nuuk
70%
Split
70%
Tbilisi
70%
Bergen
68%
Cincinnati
68%
Faro
68%
Halifax
68%
Ibiza
68%
Ljubljana
68%
Malta
68%
Monterrey
68%
Muscat
68%
San José (CR)
68%
Antananarivo
67%
Catania
67%
Nuremberg
67%
Punta Cana
67%
Tangier
67%
Thessaloniki
67%
Xiamen
67%
Aberdeen
65%
Lomé
65%
Mykonos
65%
Raleigh/Durham
65%
Southampton
65%
Tashkent
65%
Brest
64%
Chongqing
64%
Fès
64%
Hannover
64%
Pristina
64%
Santorini
64%
Verona
64%
Yerevan
64%
Zanzibar
64%
Abidjan
62%
Cagliari
62%
Heraklion
62%
Kigali
62%
Luxor
62%
Tromsø
62%
Yaoundé
62%
Ajaccio
61%
Djibouti
61%
Funchal
61%
Medina
61%
Rhodes
61%
Xi'an
61%
Bamako
59%
Brazzaville
59%
Gran Canaria
59%
Larnaca
59%
N'Djamena
59%
Podgorica
59%
Rennes
59%
Salzburg
59%
Shannon
59%
St. John's
59%
Agadir
58%
Corfu
58%
Jersey
58%
Mauritius
58%
Montpellier
58%
Phuket
58%
Bahrain
56%
Billund
56%
Niamey
56%
Cayenne
55%
Fortaleza
55%
Varna
55%
Ouagadougou
53%
Papeete
53%
Conakry
52%
Hurghada
52%
Libreville
52%
Menorca
52%
Rovaniemi
52%
Stavanger
52%
Biarritz
50%
Douala
50%
Fuerteventura
50%
Nouakchott
50%
Praia
50%
Djerba
48%
Guernsey
48%
Oran
48%
Sharm El Sheikh
48%
Bangui
47%
Lanzarote
47%
Ponta Delgada
47%
Bodrum
45%
Cotonou
45%
Kilimanjaro
45%
Nouméa
45%
Fort-de-France
44%
Kalamata
44%
Olbia
44%
Clermont-Ferrand
41%
Constantine
39%
Malabo
39%
Saint-Pierre
39%
Sfax
38%
East Midlands
35%
Fuzhou
35%
Monastir
35%
Sint Maarten
35%
Vágar
35%
Kittilä
33%
Pau
33%
Pointe-Noire
33%
Oujda
32%
Calvi
30%
Kiruna
29%
Figari
27%
Pointe-à-Pitre
27%
São Vicente
26%
Dzaoudzi
24%
Urgench
23%
Annaba
21%
Nanning
21%
Saint-Denis de la Réunion
21%
Béjaïa
15%
Guiyang
14%
Salvador de Bahia
9%
Biskra
8%
Chlef
8%
London (Stansted)
0%
No matching quizzes found
Score Distribution
Percent of People with Each Score
Percentile by Number Answered
Your Score History
You have not taken this quiz